| 000 | 00839nam a22001817a 4500 | ||
|---|---|---|---|
| 999 |
_c64433 _d64433 |
||
| 005 | 20251125233106.0 | ||
| 008 | s2554 th j tha d | ||
| 040 | _aNALT | ||
| 090 |
_aSC _bร158 2554 |
||
| 245 | 0 | 0 | _aรวมวรรณกรรมการเมือง รางวัลพานแว่นฟ้า ครั้งที่ 10 |
| 260 |
_aกรุงเทพฯ : _bสำนักประชาสัมพันธ์ สำนักงานเลขาธิการสภาผู้แทนราษฎร, _c2554. |
||
| 300 |
_a258 หน้า ; _b _c21 ซม. |
||
| 650 | 4 |
_aเรื่องสั้น _9460 |
|
| 850 | _aNALT | ||
| 856 | 4 | 0 | _uhttps://hdl.handle.net/20.500.14156/386679 |
| 942 |
_cSHT _2local |
||